Iniciación a la liturgia de la iglesia
Tallennettuna:
| Päätekijät: | , |
|---|---|
| Aineistotyyppi: | Kirja |
| Kieli: | espanja |
| Julkaistu: |
Madrid
Ediciones Palabra
2007
|
| Painos: | 4a. ed |
| Sarja: | Pelícano
|
| Aiheet: | |
| Tagit: |
Lisää tagi
Ei tageja, Lisää ensimmäinen tagi!
|
MARC
| LEADER | 00000cam a2200000 a 4500 | ||
|---|---|---|---|
| 001 | UCE4996 | ||
| 003 | CL-VaPUC | ||
| 008 | 141127e20070200sp |||||||||||||||||spa|d | ||
| 020 | |a 9788498401059 | ||
| 082 | 0 | 4 | |a 264 |b ABA |2 21 |
| 100 | 0 | |a Abad Ibáñez, José Antonio |e author |9 577487 | |
| 700 | |a Garrido Bonaño, Manuel |e author |9 600861 | ||
| 245 | 1 | 0 | |a Iniciación a la liturgia de la iglesia |
| 250 | |a 4a. ed | ||
| 300 | |a 1033 p | ||
| 942 | |c BK | ||
| 945 | |d 20141127 16:34:00 |a dcastane | ||
| 260 | |a Madrid |b Ediciones Palabra |c 2007 | ||
| 650 | 7 | |a LITURGIA |2 CL-VaPUC |9 577489 | |
| 650 | 0 | |a Ceremonias |9 337653 | |
| 650 | 0 | |a Teología cristiana |9 308336 | |
| 583 | |a last modification |c 20141127 16:34:00 |k Rodrigo Vera | ||
| 490 | 0 | |a Pelícano | |
| 999 | |c 357848 |d 357846 | ||
| 952 | |0 0 |1 0 |3 erb |4 0 |6 264_000000000000000_ABA_2007 |7 0 |8 A |9 465951 |a BIBTEO |b BIBTEO |i 5126304 |l 1 |o 264 ABA 2007 |p 5126304 |r 2025-03-07 |s 2025-03-03 |w 2019-11-23 |y BK |z Catalogado en:20141127 |k ICR | ||
| 952 | |0 0 |1 0 |3 erb |4 0 |6 264_000000000000000_ABA_2007 |7 0 |8 A |9 465952 |a BIBTEO |b BIBTEO |i 539905K |o 264 ABA 2007 |p 539905K |r 2025-01-17 |w 2019-11-23 |y BK |z Catalogado en:20170616 |k ICR | ||